000 00914nac a22002897a 4500
001 BR9703122
003 BR-BrBNA
005 20240105121927.0
008 230509b bl.|||m| |||| 00| 0 por d
040 _aBR-BrBNA
_bpor
_cBiblioteca Nacional de Agricultura
072 _aH10
090 _a0430 BR9703122
100 1 _aTeixeira, C.A.D.
100 1 _aAlves, P.M.P.
110 1 _aCentro de Pesquisa Agroflorestal de Rondonia, Porto Velho (Brasil)
245 1 _aBicudo do algodoeiro: conhecer - prevenir - controlar
260 3 _aPorto Velho, RO (Brasil):
_c1996.
300 _a17 p.
490 _aCircular Tecnica - Centro de Pesquisa Agroflorestal de Rondonia (Brazil)
_vno. 26
_xISSN 0103-9334
500 _a25 ref.
650 _aAlgodao
650 _aBicudo
650 _aControle Quimico
650 _aCiclo de Vida
909 _a202312
_bLúcia Elande
_c55
_dLúcia Elande
942 _2AGRIS
_n0
_cMS
999 _c288269
_d288269